| 000 | 01288nam a2200253Ia 4500 | ||
|---|---|---|---|
| 003 | Ost | ||
| 005 | 20260416102352.0 | ||
| 008 | 260416s9999||||xx |||||||||||||| ||und|| | ||
| 040 | _cfsecg | ||
| 041 | _aara | ||
| 082 | _a658.15 | ||
| 100 |
_aبولحريق، محند _eمؤلف |
||
| 245 | 0 |
_aإدارة المخاطر والأدوات المالية / _c محند بولحريق |
|
| 260 |
_aالجزائر _bجامعة الجزائر3: كلية العلوم الإقتصادية، العلوم التجارية وعلوم التسيير _c2017 |
||
| 300 |
_a128 ورقة _bايضاحات _c30 سم |
||
| 504 | _aمراجع ص.127 | ||
| 520 | _aعموميات حول الخطر وادارة المخاطر، الاطار التنظيمي لإدارة المخاطر، محددات ادارة المخاطر، أبعاد ادارة المخاطر، التأمين على المخاطر، الأدوات المالية ومخاطرها | ||
| 653 | _aالادارة المالية | ||
| 653 | _aالتأمين-مخاطر | ||
| 653 | _aالتنظيم | ||
| 653 | _aالمخاطر المالية | ||
| 710 |
_aجامعة الجزائر3: كلية العلوم الإقتصادية، العلوم التجارية وعلوم التسيير _eناشر علمي |
||
| 942 | _cHANDOUT | ||
| 999 |
_c41032 _d41032 |
||